Tư tưởng triết học Hồ Chí Minh

Uloženo v:
Podrobná bibliografie
Hlavní autor: Lê, Hữu Nghĩa
Médium: Kniha
Jazyk:Undetermined
Vydáno: Hà Nội Lao Động 2000
Tagy: Přidat tag
Žádné tagy, Buďte první, kdo otaguje tento záznam!
Thư viện lưu trữ: Trung tâm Học liệu Trường Đại học Cần Thơ
LEADER 00505nam a2200181Ia 4500
001 CTU_37897
008 210402s9999 xx 000 0 und d
020 |c 18000 
082 |a 335.4346 
082 |b Ngh301 
100 |a Lê, Hữu Nghĩa 
245 0 |a Tư tưởng triết học Hồ Chí Minh 
245 0 |c Lê Hữu Nghĩa 
260 |a Hà Nội 
260 |b Lao Động 
260 |c 2000 
904 |i Minh, 001005 
980 |a Trung tâm Học liệu Trường Đại học Cần Thơ